Loading...

Vibhajanakalathe kathakal

Bibliographic Details
Main Author: Alok Bhalla
Format: Printed Book
Published: Kozhikode: Olive publications.
Subjects:
LEADER 00417nam a22001214a 4500
082 |a 954.04 
100 |a Alok Bhalla, 
260 |a Kozhikode:  |b Olive publications. 
650 |a Vibhajanakalathe kathakal 
245 |a Vibhajanakalathe kathakal  |c by Alok Bhalla 
942 |c BK 
999 |c 248354  |d 248354 
952 |0 0  |1 0  |4 0  |6 954_040000000000000_BHA  |7 0  |8 G  |9 263706  |a HIS  |b HIS  |d 2020-01-04  |l 0  |o 954.04 BHA  |p HIS10927  |r 2020-01-04  |t 1  |w 2020-01-04  |y BK